[Event "Vlissingen 73/657"]
[Site "?"]
[Date "1998.??.??"]
[Round "?"]
[White "Van Wely, Loek"]
[Black "Glek, Igor V"]
[Result "1-0"]
[WhiteElo "2605"]
[BlackElo "2580"]
[PlyCount "77"]
[EventDate "1998.??.??"]
[Source "ChessBase"]
[SourceDate "1998.06.01"]

1. d4 Nf6 2. c4 g6 3. Nc3 Bg7 4. e4 d6 5. Nf3 O-O 6. Be2 Na6 7. O-O c6 8. Be3 Ng4 9. Bg5 h6 10. Bh4 Nf6 11. e5 dxe5 12. Nxe5 Nc7 13. Qd2 Ne6 14. d5 Nxd5 15. Nxf7 Rxf7 16. cxd5 Nf4 17. Bc4 Be6 18. Bxe7 Nh3+ 19. gxh3 Rxe7 20. Rae1 Bxc3 21. bxc3 cxd5 22. Rxe6 Rxe6 23. Qxd5 Qxd5 24. Bxd5 Kf7 25. Re1 Rae8 26. Kg2 Kf6 27. Bxe6 Rxe6 28. Rxe6+ Kxe6 29. Kf3 Kf5 30. c4 Ke5 31. Ke3 h5 32. h4 Kf5 33. h3 b6 34. Kd4 Ke6 35. Ke4 a6 36. Kf4 Kf6 37. f3 b5 38. cxb5 axb5 39. a3 1-0

[Event "Philadelphia 85/476"]
[Site "?"]
[Date "2002.??.??"]
[Round "?"]
[White "Akobian, V."]
[Black "Smirin, I."]
[Result "1/2-1/2"]
[WhiteElo "2480"]
[BlackElo "2685"]
[PlyCount "101"]
[EventDate "2002.??.??"]
[Source "Chess Informant"]
[SourceDate "2002.06.01"]

1. d4 Nf6 2. c4 g6 3. Nc3 Bg7 4. e4 d6 5. Nf3 O-O 6. Be2 Na6 7. O-O e5 8. dxe5 dxe5 9. Qxd8 Rxd8 10. Bg5 Re8 11. Nd2 c6 12. Nb3 Nc7 13. Rfd1 Ne6 14. Be3 Nf4 15. Bf3 h5 16. Na5 Ng4 17. Bxg4 hxg4 18. b4 Ne6 19. b5 Nd4 20. Nb3 Rd8 21. Rd2 Be6 22. bxc6 bxc6 23. Rad1 Bxc4 24. Nxd4 exd4 25. Bxd4 Bh6 26. Rb2 f5 27. exf5 gxf5 28. Rb4 Bf7 29. h3 gxh3 30. gxh3 Bh5 31. Rdb1 Bd2 32. Be5 Re8 33. R1b2 Be1 34. Bf6 Kf7 35. Bd4 Rad8 36. Rc2 Bf3 37. Rb7+ Kg6 38. Be3 Rg8 39. Rb1 Kh7+ 40. Kf1 Rg7 41. h4 Rg4 42. Bg5 Re8 43. Rb7+ Kg8 44. Re7 Rxe7 45. Bxe7 Bxc3 46. Rxc3 Bd5 47. Rg3 Bxa2 48. Rxg4+ fxg4 49. Ke2 Kf7 50. Bc5 a5 51. Ke3 1/2-1/2

[Event "Moscow"]
[Site "?"]
[Date "2004.??.??"]
[Round "?"]
[White "Chekhov, V."]
[Black "Motylev, A."]
[Result "0-1"]
[WhiteElo "2490"]
[BlackElo "2640"]
[PlyCount "80"]
[EventDate "2004.??.??"]
[Source "Chess Informant"]
[SourceDate "2004.02.01"]

1. d4 Nf6 2. c4 g6 3. Nc3 Bg7 4. e4 d6 5. Nf3 O-O 6. Be2 Na6 7. O-O e5 8. Be3 Ng4 9. Bg5 Qe8 10. dxe5 dxe5 11. Nd2 f6 12. Bh4 h5 13. h3 Nh6 14. a3 Nc5 15. b4 Ne6 16. Nb3 c6 17. Qc2 f5 18. exf5 Nxf5 19. Bg3 Ned4 20. Nxd4 Nxd4 21. Qd1 Bf5 22. c5 Rd8 23. Bc4+ Kh7 24. Qc1 b5 25. cxb6 axb6 26. Qb2 b5 27. Ba2 Bd3 28. Rfe1 Nc2 29. Ne4 Bxe4 30. Rxe4 Nxa1 31. Qxa1 Rd4 32. Qe1 Qd7 33. Bb3 Rxe4 34. Qxe4 Qd4 35. Bc2 Qxe4 36. Bxe4 h4 37. Bh2 Rc8 38. f3 c5 39. bxc5 Rxc5 40. Bd3 Bh6 0-1

[Event "Liechtenstein op"]
[Site "Schaan"]
[Date "1998.??.??"]
[Round "7"]
[White "Khenkin, Igor"]
[Black "Glek, Igor V"]
[Result "1-0"]
[WhiteElo "2565"]
[BlackElo "2565"]
[PlyCount "123"]
[EventDate "1998.05.15"]
[Source "ChessBase"]
[SourceDate "1998.07.07"]

1. d4 Nf6 2. c4 g6 3. Nc3 Bg7 4. e4 d6 5. Nf3 O-O 6. Be2 Na6 7. O-O c6 8. Re1 e5 9. Bf1 exd4 10. Nxd4 Ng4 11. h3 Qb6 12. hxg4 Qxd4 13. g5 Qxd1 14. Rxd1 Nc5 15. Rxd6 Bxc3 16. bxc3 Nxe4 17. Rd3 Be6 18. Re3 Nd6 19. c5 Nf5 20. Re4 Rfd8 21. Bf4 Rd7 22. Ra4 a5 23. Be2 Ne7 24. Rb1 Nd5 25. Be5 Bf5 26. Rb2 Re8 27. f4 Rde7 28. Bf3 Ra8 29. Bxd5 cxd5 30. Rb5 Bc8 31. Rbxa5 Rxa5 32. Rxa5 Bd7 33. Ra7 Bc6 34. a4 Re6 35. a5 Kf8 36. Kf2 Ke8 37. Ra8+ Kd7 38. Rh8 Re8 39. Rxh7 Ke6 40. g4 Ra8 41. Bc7 Rc8 42. Bd6 Ra8 43. Bc7 Rc8 44. Bb6 Re8 45. Kg3 Bb5 46. Bc7 Bd3 47. Kf3 Bc2 48. Rh2 Bd1+ 49. Kg3 Kd7 50. Be5 Ba4 51. Rh7 Ke6 52. Bd6 Rg8 53. Rh2 Kd7 54. Rb2 Bc6 55. Re2 Re8 56. Rxe8 Kxe8 57. f5 Bb5 58. Kf4 Be2 59. Ke5 Bc4 60. Kf6 Bd3 61. c6 bxc6 62. Bc5 1-0

[Event "RUS-ch51"]
[Site "St Petersburg"]
[Date "1998.07.28"]
[Round "2"]
[White "Ivanov, Sergey"]
[Black "Glek, Igor V"]
[Result "1/2-1/2"]
[WhiteElo "2550"]
[BlackElo "2580"]
[PlyCount "75"]
[EventDate "1998.07.28"]
[Source "ChessBase"]
[SourceDate "1998.11.30"]

1. d4 Nf6 2. c4 g6 3. Nc3 Bg7 4. e4 d6 5. Nf3 O-O 6. Be2 Na6 7. O-O c6 8. Re1 e5 9. Bf1 exd4 10. Nxd4 Ng4 11. h3 Qb6 12. hxg4 Qxd4 13. g5 Qxd1 14. Rxd1 Be5 15. f4 Bxc3 16. bxc3 Nc5 17. Ba3 Nxe4 18. Re1 Re8 19. Bd3 d5 20. cxd5 cxd5 21. c4 Be6 22. Bxe4 dxe4 23. Rxe4 Red8 24. Bb4 a5 25. Bc3 Rdc8 26. Rc1 Bxc4 27. Bxa5 b5 28. Bb4 Rxa2 29. Rd4 h5 30. Rcd1 Kh7 31. Rd8 Raa8 32. Rxc8 Rxc8 33. Rd7 Be6 34. Rb7 Rc1+ 35. Kh2 Rc2 36. Rxb5 Rb2 37. Rb8 Bd5 38. Rh8+ 1/2-1/2

[Event "Cappelle la Grande"]
[Site "?"]
[Date "1995.??.??"]
[Round "?"]
[White "Gurevich, D."]
[Black "Tkachiev, V."]
[Result "1/2-1/2"]
[WhiteElo "2530"]
[BlackElo "2575"]
[PlyCount "100"]
[EventDate "1995.??.??"]
[Source "ChessBase"]
[SourceDate "1995.02.01"]

1. d4 Nf6 2. c4 g6 3. Nc3 Bg7 4. e4 d6 5. Nf3 O-O 6. Be2 Na6 7. O-O e5 8. Re1 Qe8 9. Bf1 Bg4 10. d5 Nb4 11. Be2 a5 12. Be3 Nh5 13. a3 Na6 14. h3 Bd7 15. Nd2 Nf4 16. Bf1 b6 17. Nb5 Qd8 18. b4 f5 19. exf5 gxf5 20. Bxf4 exf4 21. Rb1 axb4 22. axb4 Be5 23. Nf3 Qf6 24. Nbd4 Nb8 25. Qd2 Ra4 26. Ne6 Bxe6 27. Nxe5 dxe5 28. dxe6 Qxe6 29. c5 Qf6 30. Bb5 Ra7 31. c6 Kh8 32. Qc3 e4 33. Rbc1 Qxc3 34. Rxc3 Rd8 35. Bf1 Rd2 36. b5 Raa2 37. Rcc1 Rxf2 38. Ra1 Kg7 39. Red1 Rfd2 40. Rxa2 Rxd1 41. Kf2 Rd8 42. Ra7 Rc8 43. g3 f3 44. Ke3 h5 45. Ra4 Kf6 46. g4 hxg4 47. hxg4 fxg4 48. Rxe4 Rg8 49. Kf4 Rg5 50. Bc4 Rc5 1/2-1/2

[Event "EU-chT (Men)"]
[Site "Pula"]
[Date "1997.??.??"]
[Round "9"]
[White "Dydyshko, Viacheslav"]
[Black "Glek, Igor V"]
[Result "0-1"]
[WhiteElo "2480"]
[BlackElo "2620"]
[PlyCount "86"]
[EventDate "1997.05.05"]
[Source "ChessBase"]

1. d4 Nf6 2. c4 g6 3. Nc3 Bg7 4. e4 d6 5. Nf3 O-O 6. Be2 Na6 7. O-O c6 8. Be3 Ng4 9. Bg5 h6 10. Bh4 Nf6 11. Nd2 Nh7 12. Nb3 g5 13. Bg3 f5 14. exf5 Bxf5 15. Bd3 Qd7 16. Re1 Rf7 17. Re3 Nf8 18. Bxf5 Qxf5 19. Qe2 Ng6 20. Re1 Raf8 21. h3 Nb4 22. Rf3 Qd7 23. Rxf7 Rxf7 24. a3 Na6 25. Qe4 Qf5 26. Nd1 Qxe4 27. Rxe4 b6 28. Nc3 c5 29. Nb5 cxd4 30. N5xd4 Nc5 31. Nxc5 bxc5 32. Nc6 Bxb2 33. a4 e5 34. h4 gxh4 35. Bxh4 Bd4 36. Kh2 Rb7 37. f3 a6 38. Bg3 h5 39. Kh3 Rb6 40. Nd8 Rb4 41. f4 Rb1 42. fxe5 Rh1+ 43. Bh2 Nxe5 0-1

[Event "Zaragoza op-A"]
[Site "Zaragoza"]
[Date "1995.??.??"]
[Round "8"]
[White "Giorgadze, Giorgi"]
[Black "Comas Fabrego, Luis"]
[Result "0-1"]
[WhiteElo "2590"]
[BlackElo "2490"]
[PlyCount "130"]
[EventDate "1995.06.??"]
[Source "www.chesslib.no"]
[SourceDate "2004.05.04"]

1. d4 Nf6 2. c4 g6 3. Nc3 Bg7 4. e4 d6 5. Nf3 O-O 6. Be2 Na6 7. Be3 e5 8. d5 Ng4 9. Bg5 f6 10. Bh4 Nh6 11. Nd2 c5 12. a3 Qd7 13. f3 f5 14. Bf2 Nf7 15. b4 Bh6 16. Nb3 b6 17. b5 Nc7 18. a4 Ne8 19. a5 Rb8 20. Bd3 Nf6 21. axb6 axb6 22. Qc2 Nh5 23. Ne2 Bg7 24. Ra2 Ng5 25. Nd2 Rb7 26. exf5 gxf5 27. O-O Kh8 28. Ra8 h6 29. Ng3 Nxg3 30. hxg3 Ra7 31. Rxa7 Qxa7 32. f4 e4 33. fxg5 exd3 34. Qd1 Qa2 35. Be3 Re8 36. Bf4 Re2 37. Re1 Bd4+ 38. Kh2 hxg5 39. Bxg5 Qc2 40. Qxc2 dxc2 41. Nf3 f4 42. Rxe2 c1=Q 43. Re8+ Kg7 44. Bxf4 Qxc4 45. Rxc8 Qxd5 46. Rc7+ Kg8 47. Rc8+ Kf7 48. Rc7+ Ke8 49. Bg5 c4 50. Bh4 c3 51. Re7+ Kf8 52. Rc7 Ke8 53. Re7+ Kf8 54. Rc7 Be5 55. Ng5 Qb3 56. Nh7+ Kg8 57. Bf6 c2 58. Rg7+ Kh8 59. Rc7+ Bxf6 60. Nxf6 Qd3 61. g4 Qg6 62. g5 Qf5 63. g3 d5 64. Kg2 d4 65. g4 Qg6 0-1

[Event "Opole 74/602"]
[Site "?"]
[Date "1998.??.??"]
[Round "?"]
[White "Volzhin, Alexander"]
[Black "Kempinski, Robert"]
[Result "1/2-1/2"]
[WhiteElo "2530"]
[BlackElo "2545"]
[PlyCount "81"]
[Source "ChessBase"]
[SourceDate "1998.10.01"]

1. d4 Nf6 2. c4 g6 3. Nc3 Bg7 4. e4 d6 5. Nf3 O-O 6. Be2 Na6 7. O-O e5 8. Re1 c6 9. Bf1 Bg4 10. d5 Nb4 11. Be2 a5 12. Bg5 c5 13. Nd2 Bd7 14. Nb5 Bc8 15. a3 Na6 16. Qc2 h6 17. Bh4 Qd7 18. Rf1 Nh7 19. Bg3 Nc7 20. f4 exf4 21. Bxf4 Ne8 22. Nf3 Qe7 23. Rae1 Ng5 24. Bd3 Nxf3+ 25. Rxf3 Bg4 26. Rfe3 Be5 27. Qf2 Kh7 28. Rf1 Bd7 29. Bxe5 Qxe5 30. Rf3 Bxb5 31. cxb5 Ng7 32. Bb1 Rae8 33. Rxf7 Rxf7 34. Qxf7 Qd4+ 35. Kh1 Re5 36. Qxb7 Qxb2 37. b6 Rg5 38. Rg1 Rxg2 39. Rxg2 Qxb1+ 40. Rg1 Qxe4+ 41. Rg2 1/2-1/2

[Event "Slovenija"]
[Site "?"]
[Date "2000.??.??"]
[Round "?"]
[White "Atalik, S."]
[Black "Cebalo, M."]
[Result "1/2-1/2"]
[WhiteElo "2545"]
[BlackElo "2520"]
[PlyCount "110"]
[EventDate "2000.??.??"]
[Source "Chess Informant"]
[SourceDate "2000.10.01"]

1. d4 Nf6 2. c4 g6 3. Nc3 Bg7 4. e4 d6 5. Nf3 O-O 6. Be2 Na6 7. Bf4 Bg4 8. h3 Bxf3 9. Bxf3 Nd7 10. Bg5 c5 11. d5 Nc7 12. O-O a6 13. a4 b6 14. Qd2 Rb8 15. Be2 Bf6 16. Be3 e6 17. g4 exd5 18. exd5 Re8 19. Kg2 Qe7 20. Rae1 Qf8 21. g5 Bg7 22. h4 f5 23. gxf6 Nxf6 24. f4 b5 25. axb5 axb5 26. Nxb5 Nxb5 27. cxb5 Ne4 28. Qc2 Qf5 29. Bc1 Rxb5 30. Bf3 Rb4 31. Rf2 Nf6 32. Rxe8+ Nxe8 33. h5 Qxc2 34. Rxc2 Kf7 35. hxg6+ hxg6 36. Be2 Bd4 37. Bc4 Ng7 38. b3 Nf5 39. Re2 Rb8 40. Ra2 Kf6 41. Ra6 Bc3 42. Ba3 Bd4 43. Bc1 Rb7 44. Bd2 Rb8 45. Ba5 Rg8 46. Bc7 g5 47. Bxd6 gxf4+ 48. Kf3 Nxd6 49. Rxd6+ Kg5 50. Re6 Rg6 51. Ke4 Rxe6+ 52. dxe6 Bf6 53. Kd5 Be7 54. Kc6 f3 55. Kd7 Kf6 1/2-1/2

[Event "Corr"]
[Site "?"]
[Date "2001.05.20"]
[Round "?"]
[White "Espindola Carlos Alejandro"]
[Black "Galvin Richard"]
[Result "1/2-1/2"]
[WhiteElo "2439"]
[BlackElo "2616"]
[PlyCount "67"]
[EventDate "2001.??.??"]
[Source "www.chesslib.no"]
[SourceDate "2004.05.04"]

1. d4 Nf6 2. c4 g6 3. Nc3 Bg7 4. e4 d6 5. Nf3 O-O 6. Be2 Na6 7. O-O e5 8. Be3 Ng4 9. Bg5 Qe8 10. dxe5 h6 11. Bc1 dxe5 12. h3 Nf6 13. Be3 Qe7 14. Nd5 Qd8 15. Nxf6+ Qxf6 16. Qc1 Kh7 17. Rd1 b6 18. c5 Nxc5 19. Bxc5 bxc5 20. Qxc5 Qf4 21. Nd2 Be6 22. Qc2 Rad8 23. Nb3 Qg5 24. Qc3 f5 25. Nc5 Bc8 26. Bc4 Rd6 27. Qa5 f4 28. h4 Qxh4 29. Qxc7 Rd4 30. Rxd4 exd4 31. f3 a6 32. Rd1 Bh3 33. Bf1 Rc8 34. Qa7 1/2-1/2

[Event "Corr"]
[Site "?"]
[Date "2002.06.15"]
[Round "?"]
[White "Spasov Vasil V"]
[Black "Sergel Christopher T.(USA)"]
[Result "1/2-1/2"]
[WhiteElo "2552"]
[BlackElo "2499"]
[PlyCount "60"]
[EventDate "2002.??.??"]
[Source "www.chesslib.no"]
[SourceDate "2004.05.04"]

1. d4 Nf6 2. c4 g6 3. Nc3 Bg7 4. e4 d6 5. Nf3 O-O 6. Be2 Na6 7. O-O e5 8. Re1 c6 9. Bf1 exd4 10. Nxd4 Ng4 11. Nf3 Qb6 12. Re2 Be6 13. h3 Ne5 14. Nxe5 Bxe5 15. Be3 Qb4 16. Rd2 Nc5 17. a3 Qb3 18. Bxc5 Qxd1 19. Raxd1 dxc5 20. Na4 b6 21. g3 g5 22. Kg2 Kg7 23. Be2 h5 24. b3 Kg6 25. Nb2 Bc3 26. Rc2 Bd4 27. Nd3 Rae8 28. Ne1 g4 29. hxg4 hxg4 30. f4 Bc8 1/2-1/2

[Event "Buenos Aires FMDA Team Ch"]
[Site "Buenos Aires ARG"]
[Date "1996.??.??"]
[Round "6"]
[White "Sorokin, Maxim"]
[Black "Giaccio, Alfredo Gustavo"]
[Result "1-0"]
[WhiteElo "2560"]
[BlackElo "2470"]
[PlyCount "61"]
[EventDate "1996.??.??"]
[Source "www.chesslib.no"]
[SourceDate "2004.05.04"]

1. d4 Nf6 2. c4 g6 3. Nc3 Bg7 4. e4 d6 5. Nf3 O-O 6. Be2 Na6 7. O-O e5 8. Re1 c6 9. Bf1 Bg4 10. d5 c5 11. a3 Ne8 12. h3 Bd7 13. Rb1 f5 14. b4 f4 15. g4 fxg3 16. fxg3 Nf6 17. g4 cxb4 18. axb4 Nxg4 19. hxg4 Bxg4 20. Bg2 Bxf3 21. Bxf3 Qh4 22. Kg2 Rxf3 23. Qxf3 Qxe1 24. Bg5 Qxb1 25. Nxb1 Nxb4 26. Qh3 Rf8 27. Qe6+ Rf7 28. Qxd6 Nd3 29. Nd2 h6 30. Be3 Ne1+ 31. Kh1 1-0

[Event "1st League TCh-SCG"]
[Site "Budva"]
[Date "2003.09.01"]
[Round "4"]
[White "Rajkovic, Dusan"]
[Black "Nataf, Igor Alexandre"]
[Result "1/2-1/2"]
[WhiteElo "2456"]
[BlackElo "2549"]
[PlyCount "62"]
[EventDate "2003.08.29"]
[Source "Roberto Alvarez"]
[SourceDate "2003.10.27"]

1. d4 Nf6 2. c4 g6 3. Nc3 Bg7 4. e4 d6 5. Nf3 O-O 6. Be2 Na6 7. Be3 e5 8. d5 Ng4 9. Bg5 f6 10. Bh4 Nh6 11. Nd2 c5 12. O-O Qe8 13. Nb5 Qd7 14. a3 f5 15. Rb1 Nf7 16. exf5 gxf5 17. b4 Nh8 18. Bh5 Ng6 19. Bxg6 hxg6 20. Bg5 b6 21. Rb3 Nc7 22. bxc5 bxc5 23. Qc2 Ne8 24. Qc3 a5 25. a4 Nf6 26. Qh3 Kf7 27. Rfb1 Rh8 28. Qf3 Nh7 29. Be3 Nf6 30. Bg5 Nh7 31. Be3 Nf6 1/2-1/2

[Event "India (zt) 75/521"]
[Site "?"]
[Date "1999.??.??"]
[Round "?"]
[White "Sashikiran, Krishnan"]
[Black "Thipsay, Praveen Mahadeo"]
[Result "0-1"]
[WhiteElo "2535"]
[BlackElo "2467"]
[PlyCount "84"]
[EventDate "1999.??.??"]
[Source "ChessBase"]
[SourceDate "1999.02.01"]

1. d4 Nf6 2. c4 g6 3. Nc3 Bg7 4. e4 d6 5. Nf3 O-O 6. Be2 Na6 7. O-O e5 8. Be3 Ng4 9. Bg5 Qe8 10. dxe5 h6 11. Bd2 dxe5 12. h3 Nf6 13. Be3 Qe7 14. Nd5 Qd8 15. Qc1 Nxe4 16. Rd1 Qe8 17. Bxh6 c6 18. Bxg7 Kxg7 19. Nc3 Nxc3 20. Qxc3 f6 21. Rd6 Qe7 22. Rad1 Nc7 23. Qa3 Rf7 24. Nh4 g5 25. Qg3 Nd5 26. Rxf6 Qxf6 27. cxd5 Qf4 28. Nf3 cxd5 29. Rxd5 Qxg3 30. fxg3 e4 31. Ne5 Rc7 32. Rd6 e3 33. Rg6+ Kh8 34. Nc4 Rc5 35. Nxe3 Re5 36. Kf2 Be6 37. a3 Re8 38. Bh5 Rd8 39. Nf1 Bf7 40. Rf6 Bxh5 41. Rh6+ Kg7 42. Rxh5 Rf8+ 0-1

[Event "American Continental"]
[Site "?"]
[Date "2003.??.??"]
[Round "9"]
[White "Salas Arros Cristian Eduardo"]
[Black "Quarracino Carlos"]
[Result "1/2-1/2"]
[WhiteElo "2500"]
[BlackElo "2500"]
[PlyCount "26"]
[EventDate "2003.??.??"]
[Source "www.chesslib.no"]
[SourceDate "2004.05.04"]

1. d4 Nf6 2. c4 g6 3. Nc3 Bg7 4. e4 d6 5. Nf3 O-O 6. Be2 Na6 7. O-O c6 8. Re1 e5 9. Bf1 exd4 10. Nxd4 Ng4 11. h3 Qb6 12. hxg4 Qxd4 13. Be3 Qxd1 1/2-1/2

[Event "Ch (Men) Minsk BLR"]
[Site "?"]
[Date "2006.03.04"]
[Round "1"]
[White "Lutsko Igor"]
[Black "Zhigalko Andrey"]
[Result "1-0"]
[WhiteElo "2487"]
[BlackElo "2505"]
[PlyCount "79"]
[EventDate "2006.??.??"]
[Source "www.chesslib.no"]
[SourceDate "2004.05.04"]

1. d4 Nf6 2. c4 g6 3. Nc3 Bg7 4. e4 d6 5. Nf3 O-O 6. Be2 Na6 7. Bf4 Nh5 8. Bg5 Qe8 9. O-O e5 10. Re1 Bg4 11. dxe5 dxe5 12. Qc1 c6 13. h3 Bd7 14. Nh2 Nf6 15. Be3 Qe7 16. c5 Nc7 17. Nf3 Nh5 18. Bc4 Ne6 19. Ne2 Rad8 20. Rd1 Nhf4 21. Rd6 Bc8 22. Qd2 Nxe2+ 23. Bxe2 Rd7 24. Bc4 Nd4 25. Bxd4 exd4 26. e5 b6 27. b4 bxc5 28. bxc5 Rc7 29. Re1 Re8 30. Qxd4 Bf5 31. Qf4 Kh8 32. Bb3 Qf8 33. Nd4 Bc8 34. Nxc6 Bb7 35. Na5 Ba8 36. c6 Qxd6 37. exd6 Rxe1+ 38. Kh2 Be5 39. Qxe5+ Rxe5 40. d7 1-0

[Event "Cappelle la Grande"]
[Site "?"]
[Date "1997.??.??"]
[Round "?"]
[White "Sakaev, K."]
[Black "Nataf, I._A."]
[Result "1-0"]
[WhiteElo "2580"]
[BlackElo "2410"]
[PlyCount "101"]
[EventDate "1997.??.??"]
[Source "ChessBase"]
[SourceDate "1997.02.01"]

1. d4 Nf6 2. c4 g6 3. Nc3 Bg7 4. e4 d6 5. Nf3 O-O 6. Be2 Na6 7. O-O e5 8. Re1 Qe8 9. Bf1 Bg4 10. d5 Nh5 11. h3 Bxf3 12. Qxf3 f5 13. Rb1 Nc5 14. b4 Nxe4 15. Nxe4 fxe4 16. Qxe4 Rf7 17. Be2 Nf6 18. Qc2 Qf8 19. Rb3 Bh6 20. Bb2 Ne8 21. Bg4 Ng7 22. g3 Nf5 23. h4 Bg7 24. a4 Kh8 25. a5 Qe7 26. Bh3 Raf8 27. Re2 Qd8 28. Qe4 g5 29. h5 Bh6 30. Bg4 Ng7 31. Bc1 Ne8 32. Rc2 Nf6 33. Qe2 Nxg4 34. Qxg4 Qd7 35. Qxd7 Rxd7 36. Kg2 Kg7 37. g4 Kf6 38. Be3 b6 39. c5 dxc5 40. bxc5 bxa5 41. Rb7 Rc8 42. Rd2 Rcd8 43. c6 Rf7 44. d6 cxd6 45. c7 Rc8 46. Rxd6+ Kg7 47. Rxa7 Rcxc7 48. Raa6 Rc4 49. Kg3 Rb7 50. Rxh6 Rb1 51. Rhd6 1-0